[Event "Wellington Club Championship - Open Swiss"]
[Site "Wellington Chess Club"]
[Date "2024.11.07"]
[Round "7.9"]
[White "Grant, Elliot"]
[Black "Rose, Jim"]
[Result "1-0"]
[WhiteElo "1667"]
[BlackElo "1522"]
[PlyCount "25"]
[GameId "2109424980136945"]
[EventDate "2024.09.26"]

1. e4 d6 2. d4 Nf6 3. Nc3 g6 4. Nf3 Bg7 5. Bg5 h6 6. Bh4 O-O 7. Bc4 c5 8. dxc5
Qa5 9. O-O Qxc5 10. Qd3 Bg4 11. Bb3 Nbd7 12. h3 Ne5 13. Nxe5 1-0

[Event "Wellington Club Championship - Open Swiss"]
[Site "Wellington Chess Club"]
[Date "2024.11.07"]
[Round "7.10"]
[White "He, Zachary"]
[Black "Tan, Jin"]
[Result "0-1"]
[WhiteElo "1261"]
[BlackElo "1582"]
[WhiteFideId "4320905"]
[BlackFideId "4320972"]
[PlyCount "0"]
[EventDate "2024.09.26"]
[SourceDate ""]

1. e4 e5 2. Nc3 Bc5 3. Bc4 Nc6 4. Qg4 g6 5. Nd5 Nf6 6. Qf3 Nxd5 7. Bxd5 Qe7 8.
c3 d6 9. Ne2 Be6 10. d3 Bxd5 11. exd5 Nb8 12. O-O Nd7 13. b4 Bb6 14. Re1 O-O
15. g3 Qf6 16. Qxf6 Nxf6 17. Bg5 Nxd5 18. Rab1 f6 19. Bd2 Ne7 20. a4 a5 21. b5
d5 22. c4 dxc4 23. dxc4 Nf5 24. Rec1 Bc5 25. Nc3 Nd6 26. Bh6 Rf7 27. Bd2 Nxc4
28. Ne4 Nxd2 29. Nxd2 Bb6 30. Nc4 Bd4 31. b6 cxb6 32. Nxb6 Bxb6 33. Rxb6 Kg7
34. Rcb1 Ra7 35. R1b5 Rd7 36. Kf1 e4 37. Ke2 Rd4 38. Rxb7+ Rxb7 39. Rxb7+ Kh6
40. Ra7 Rxa4 41. Ke3 f5 42. g4 Ra3+ 43. Kf4 Rf3+ 44. Ke5 Rxf2 45. Rxa5 fxg4 46.
Kxe4 g5 47. Ke3 Rxh2 48. Ra1 Kh5 49. Ra7 h6 50. Rd7 Kh4 51. Rh7 Kg3 52. Rg7 Rf2
53. Rg6 Rf3+ 54. Ke2 h5 55. Rxg5 h4 56. Rh5 h3 57. Ke1 h2 58. Ke2 Kg2 0-1

[Event "Wellington Club Championship - Open Swiss"]
[Site "Wellington Chess Club"]
[Date "2024.11.07"]
[Round "7.11"]
[White "Dhamodharam, Aadhav"]
[Black "Sova, Leo"]
[Result "1-0"]
[WhiteElo "1477"]
[BlackElo "1646"]

1. e4 e5 2. Nf3 Nc6 3. Bc4 Bc5 4. O-O Nf6 5. d4 exd4 6. e5 d5 7. exf6 dxc4 8.
fxg7 Rg8 9. Bg5 Qd5 10. Nc3 Qd7 11. Re1+ Be7 12. Nxd4 Nxd4 13. Qxd4 Qe6 14.
Rxe6 Bxe6 15. Bxe7 Kxe7 16. Nd5+ Bxd5 17. Qxd5 c6 18. Re1+ Kf6 19. Qe5+ Kg6 20.
h4 Rad8 {Neither scoresheet specifies which rook moves to d8} 21. Qg5# 1-0

[Event "Wellington Club Championship - Open Swiss"]
[Site "Wellington Chess Club"]
[Date "2024.11.07"]
[Round "7.12"]
[White "List, Robert"]
[Black "Kumar, Raghava"]
[Result "0-1"]
[WhiteElo "1653"]
[BlackElo "1500"]
[PlyCount "70"]
[GameId "2109425818067983"]
[EventDate "2024.09.26"]

1. e4 c5 2. Nf3 Nc6 3. g3 e5 4. Bg2 Nf6 5. d3 Be7 6. O-O O-O 7. h3 Rb8 8. c3 d5
9. exd5 Nxd5 10. Kh2 Be6 11. Ng1 Bd6 12. Nd2 Qc7 13. Ne4 Be7 14. a3 Rbd8 15.
Qh5 Nf6 16. Nxf6+ Bxf6 17. Qe2 Rd6 18. f4 Rfd8 19. f5 Bd5 20. Be4 c4 21. dxc4
Bxe4 22. Qxe4 Na5 23. b3 Nxb3 24. Rb1 Nc5 25. Qe2 Rd3 26. Rf3 e4 27. Re3 Bxc3
28. Qg4 Bd2 29. Bxd2 Rxd2+ 30. Re2 R2d3 31. f6 g6 32. Rg2 h6 33. Ne2 Qe5 34.
Rf1 Rxa3 35. Rf5 Qxf5 0-1

[Event "Wellington Club Championship - Open Swiss"]
[Site "Wellington Chess Club"]
[Date "2024.11.07"]
[Round "7.13"]
[White "Munim, Ahmed"]
[Black "Hupert, Leo"]
[Result "0-1"]
[WhiteElo "1542"]
[BlackElo "1389"]
[WhiteFideId "0"]
[BlackFideId "0"]
[PlyCount "0"]
[EventDate "2024.09.26"]
[SourceDate ""]

1. e4 e5 2. Nf3 Nc6 3. c3 Bc5 4. d4 Bd6 5. Bc4 h6 6. O-O Nf6 7. Re1 Qe7 8. Na3
a6 9. Qa4 b6 10. Nb5 Bb7 11. Nxd6+ cxd6 12. Qb3 b5 13. Bd3 Nd8 14. c4 Ne6 15.
cxb5 axb5 16. a4 O-O 17. Bd2 Rfb8 18. Bb4 Nxd4 19. Nxd4 exd4 20. Bxb5 Bxe4 21.
f3 Rxb5 22. axb5 Rxa1 23. Rxa1 Bd5 24. Qa3 Qe2 25. Re1 Qc2 26. Qa1 Ng4 27. Rf1
Ne3 28. Rf2 Qg6 29. Bxd6 Qxd6 0-1

[Event "Wellington Club Championship - Open Swiss"]
[Site "Wellington Chess Club"]
[Date "2024.11.07"]
[Round "7.14"]
[White "Sun, William"]
[Black "Osborne, Geoff"]
[Result "0-1"]
[WhiteElo "807"]
[BlackElo "1517"]

1. e4 e5 2. Nf3 Nc6 3. Bc4 Nf6 4. Ng5 d5 5. exd5 Na5 6. Bb5+ c6 7. dxc6 bxc6 8.
Ba4 Rb8 9. Nc3 Nd5 10. O-O Nb6 11. Nf3 Bd6 12. Re1 Bg4 13. d4 Nd7 14. h3 Bxf3
15. Qxf3 Qc7 16. Bf4 O-O 17. Be3 Rxb2 18. Bb3 Nxb3 19. cxb3 Bb4 20. Nd1 Bxe1
21. Nxb2 Bc3 22. Rb1 exd4 23. Bf4 Qc8 24. Qg3 Re8 25. Bh6 g6 26. h4 Nf6 27. Bg5
Ne4 28. Qf4 Nxg5 29. Qxg5 Qf5 30. Qxf5 gxf5 31. a3 Re1+ 32. Rxe1 Bxe1 33. Nc4
Bc3 34. Ne5 c5 35. Kf1 Kg7 36. Ke2 Bb2 37. a4 Ba3 38. Nc6 a6 39. Ne7 Kf6 40.
Nd5+ Ke5 41. Nb6 Bb4 42. Kd3 Kd6 43. Nc4+ Kd5 44. f3 f4 45. Nd2 Bxd2 46. Kxd2
c4 47. b4 c3+ 48. Kc2 Kc4 49. b5 d3+ 50. Kc1 Kb3 51. Kb1 d2 0-1

[Event "Wellington Club Championship - Open Swiss"]
[Site "Wellington Chess Club"]
[Date "2024.11.07"]
[Round "7.15"]
[White "Miriyala, Sreenikesh"]
[Black "Ravi, Vrajesh"]
[Result "1/2-1/2"]
[WhiteElo "948"]
[BlackElo "1114"]

1. e4 e5 2. Nf3 Nc6 3. d4 exd4 4. Bc4 Bb4+ 5. c3 dxc3 6. bxc3 Ba5 7. O-O Nf6 8.
Ba3 d6 9. Ng5 O-O 10. Nf3 Bg4 11. h3 Bh5 12. g4 Bg6 13. e5 dxe5 14. Bxf8 Bxb1
15. Qxd8 Rxd8 16. Raxb1 Rxf8 17. Rfe1 Bxc3 18. Re3 Bd4 19. Nxd4 Nxd4 20. Rxe5
Nf3+ 21. Kg2 Nxe5 22. Be2 b6 23. f4 Ng6 24. Kg3 Ne4+ 25. Kf3 Nc3 26. Rb2 Nxe2
27. Rxe2 f5 28. gxf5 Nh4+ 29. Kg4 Nxf5 30. Re5 Nh6+ 31. Kg3 Nf5+ 32. Kg4 Nd4
33. Rd5 Nc2 34. Rd7 Ne3+ 35. Kf3 Nc4 36. Rxc7 Nd2+ 37. Ke2 Ne4 38. Ke3 Nf6 39.
Rxa7 Re8+ 40. Kf3 Re4 41. Ra8+ Kf7 42. Ra7+ Kg6 43. Rb7 Kf5 44. Rxb6 Rxf4+ 45.
Kg2 Ne4 46. Rb8 Rf2+ 47. Kg1 Rxa2 48. Rb5+ Kf4 49. Rb1 Kf3 50. Rb3+ Kf4 51. Rb1
g5 52. Rb4 h5 53. Kh1 g4 54. hxg4 hxg4 55. Kg1 Ra3 56. Kh2 g3+ 57. Kg1 Kf3 58.
Rb1 Nd2 59. Rd1 Re3 60. Kh1 Kf2 61. Rxd2+ Kf3 62. Rd1 g2+ 63. Kg1 Ke2 64. Ra1
Rd3 65. Kxg2 Rd2 66. Ra8 Ke3+ 67. Kg3 Rd1 68. Re8+ Kd3 69. Rd8+ Kc2 70. Rxd1
Kxd1 1/2-1/2

[Event "Wellington Club Championship - Open Swiss"]
[Site "Wellington Chess Club"]
[Date "2024.11.07"]
[Round "7.17"]
[White "He, Jacob"]
[Black "Hao, John"]
[Result "0-1"]
[WhiteElo "1058"]
[BlackElo "1045"]
[PlyCount "114"]
[GameId "2109428395398201"]
[EventDate "2024.09.26"]

1. e4 c5 2. Nc3 d6 3. Nf3 Nf6 4. Bb5+ Bd7 5. Bc4 Nc6 6. b3 e6 7. h3 Be7 8. Bb2
O-O 9. d3 Rc8 10. Ne2 a6 11. O-O b5 12. Bxb5 axb5 13. d4 cxd4 14. Nexd4 Nxd4
15. Bxd4 Nxe4 16. Qd3 d5 17. Rac1 Qc7 18. g3 Nxg3 19. fxg3 Qxg3+ 20. Kh1 Qxh3+
21. Kg1 Bd6 22. Rf2 Qh6 23. Be3 Bf4 24. Bxf4 Qxf4 25. Re1 Rfe8 26. Ne5 Qg5+ 27.
Rg2 Qe7 28. Qd4 f6 29. Nxd7 Qxd7 30. Qxf6 Rxc2 31. Qe5 Rxg2+ 32. Kxg2 d4 33.
Rc1 Qd5+ 34. Qxd5 exd5 35. Rd1 Re2+ 36. Kf3 Rxa2 37. Rxd4 Ra3 38. Rd3 Kf7 39.
Kf4 Kf6 40. Ke3 Ke5 41. b4 Rxd3+ 42. Kxd3 Kf4 43. Kd4 h5 44. Kxd5 h4 45. Kc5 h3
46. Kxb5 h2 47. Kc5 h1=Q 48. Kd6 Qc1 49. Ke7 Qc4 50. b5 Qxb5 51. Kf7 Qg5 52.
Kg8 Qd5+ 53. Kxg7 Qe6 54. Kh7 Kg5 55. Kh8 Qe7 56. Kg8 Kh6 57. Kh8 Qe8# 0-1

[Event "Wellington Club Championship - Open Swiss"]
[Site "Wellington Chess Club"]
[Date "2024.11.07"]
[Round "7.20"]
[White "Asher, Bruce"]
[Black "Wong, Jaden"]
[Result "1-0"]
[WhiteElo "1153"]
[BlackElo "995"]

1. d4 d5 2. c4 e6 3. Nc3 Nf6 4. Bf4 a6 5. e3 c5 6. cxd5 exd5 7. Nf3 Be7 8. g3
O-O 9. Bg2 Nc6 10. Ne5 Be6 11. O-O Nxe5 12. Bxe5 b5 13. a3 b4 14. axb4 cxb4 15.
Na4 Bd7 16. Nc5 Bxc5 17. dxc5 Bb5 18. Re1 Bc4 19. b3 Bb5 20. Qc2 Bc6 21. Red1
Re8 22. f4 Ng4 23. Qe2 Nxe5 24. fxe5 Rxe5 25. Rxa6 Bb7 26. Rd6 Qe7 27. e4 dxe4
28. Rd7 Ba6 29. Qd2 Qxc5+ 30. Kh1 h6 31. Qe1 Rae8 32. Bf1 Bxf1 33. Qxf1 Qb5 34.
Qxf7+ 1-0

[Event "Wellington Club Championship - Open Swiss"]
[Site "Wellington Chess Club"]
[Date "2024.11.07"]
[Round "7.22"]
[White "Lavender, Ariel J"]
[Black "Pickering, Dean"]
[Result "1-0"]
[WhiteElo "1547"]
[BlackElo "1274"]
[WhiteFideId "0"]
[BlackFideId "0"]
[PlyCount "0"]
[EventDate "2024.09.26"]
[SourceDate ""]

1. e4 e5 2. Nf3 Nc6 3. Bb5 a6 4. Ba4 Nf6 5. O-O Be7 6. Re1 b5 7. Bb3 O-O 8. c3
d5 9. exd5 Nxd5 10. Nxe5 Nxe5 11. Rxe5 c6 12. d4 Bd6 13. Re1 Qh4 14. g3 Qh3 15.
Re4 g5 16. Qf1 Qh5 17. Qe2 Qg6 18. h4 gxh4 19. Rxh4 Bxg3 20. Rh6 Bh2+ 21. Kxh2
Qg7 22. Bc2 Nf6 23. f3 Re8 24. Qd3 Re1 25. Be3 Ng4+ 26. fxg4 Qxg4 27. Qxh7+ Kf8
28. Qh8+ Ke7 29. Qe5+ Be6 30. Qc7+ Bd7 31. Qd6+ 1-0

[Event "Wellington Club Championship - Open Swiss"]
[Site "Wellington Chess Club"]
[Date "2024.11.07"]
[Round "7.23"]
[White "Jayath, Jaiganesh"]
[Black "Dey, Kyle"]
[Result "0-1"]
[WhiteElo "1399"]
[BlackElo "917"]
[WhiteFideId "0"]
[BlackFideId "4326369"]
[PlyCount "0"]
[EventDate "2024.09.26"]
[SourceDate ""]

1. e4 e5 2. Nf3 Nc6 3. Bb5 a6 4. Bxc6 bxc6 5. Nxe5 d6 6. Ng4 Nf6 7. Nxf6+ Qxf6
8. Nc3 Be6 9. O-O d5 10. exd5 cxd5 11. d4 Bd6 12. Bd2 Qxd4 13. Bg5 Qe5 14. Qd2
Qxh2# 0-1

[Event "Wellington Club Championship - Open Swiss"]
[Site "Wellington Chess Club"]
[Date "2024.11.14"]
[Round "8.1"]
[White "Thirkell, Zachary"]
[Black "Marney, John"]
[Result "1/2-1/2"]
[WhiteElo "1834"]
[BlackElo "1696"]
[WhiteFideId "4322207"]
[BlackFideId "0"]
[PlyCount "0"]
[EventDate "2024.09.26"]
[SourceDate ""]

1. d4 d5 2. c4 e6 3. Nf3 Nf6 4. g3 Be7 5. Bg2 O-O 6. O-O dxc4 7. Ne5 c5 8. dxc5
Qc7 9. Nxc4 Rd8 10. Qb3 Bxc5 11. Nbd2 Nc6 12. e3 e5 13. Na3 a6 14. Nab1 Be6 15.
Qc2 Nb4 16. Qc3 Rd3 17. Qxd3 Nxd3 18. Nc3 Rd8 19. Nde4 Nxe4 20. Nxe4 Bd5 21.
Rd1 Bxe4 22. Bxe4 Nxc1 23. Rxd8+ Qxd8 24. Rxc1 Qb6 25. Bxb7 Qxb7 26. Rxc5 f6
27. b3 Kf7 28. Rc4 Ke6 29. e4 h5 30. Kg2 f5 31. f3 fxe4 32. fxe4 Qd7 33. Ra4
Qb5 34. Kf2 Qc5+ 35. Kf3 Qc3+ 36. Kf2 Qd2+ 37. Kf3 Kd6 38. Rxa6+ Kc5 39. Ra4
Qxh2 40. Ra5+ Kd4 41. Rd5+ Kc3 42. Rxe5 Qh1+ 43. Kf2 Qh2+ 44. Kf3 Qxa2 45. Rxh5
Qxb3 46. Rd5 Kc4+ 47. Kf4 Qb8+ 48. Kg4 Qe8 49. Kf4 Qf7+ 50. Rf5 Qc7+ 51. Kg4
Kd4 52. e5 Qd7 53. Kg5 Qe6 1/2-1/2

[Event "Wellington Club Championship - Open Swiss"]
[Site "Wellington Chess Club"]
[Date "2024.11.14"]
[Round "8.2"]
[White "Brockway, Andrew"]
[Black "Qu, Lucas"]
[Result "0-1"]
[WhiteElo "1713"]
[BlackElo "1620"]
[WhiteFideId "4301340"]
[BlackFideId "4314620"]
[PlyCount "0"]
[EventDate "2024.09.26"]
[SourceDate ""]

1. e4 e5 2. Nf3 Nc6 3. Bb5 Bc5 4. O-O Nge7 5. Nc3 a6 6. Bxc6 Nxc6 7. d3 d6 8.
h3 h6 9. Qe2 Be6 10. Be3 Bxe3 11. Qxe3 Qd7 12. a3 g5 13. Nd5 Bxd5 14. exd5 Ne7
15. c4 g4 16. hxg4 Qxg4 17. Nh2 Qg7 18. Qh3 Rg8 19. g3 f5 20. Kh1 Kd7 21. Rae1
Raf8 22. Rg1 Kd8 23. Rb1 Ng6 24. f4 exf4 25. gxf4 Kc8 26. Qg3 Qd4 27. Rg2 Qxf4
28. Qf2 Qxf2 29. Rxf2 Ne5 30. Rd1 Rg3 31. Rfd2 Rfg8 32. b3 Rh3 33. Rg2 Rxg2 34.
Kxg2 Rxd3 35. Rxd3 Nxd3 36. Kf3 Kd7 37. Ke3 Nc1 38. b4 Ke7 39. Nf3 a5 40. Kd2
axb4 41. Kxc1 bxa3 42. Kc2 f4 43. Kb3 a2 44. Kxa2 Kf6 45. Kb2 Kf5 46. Kc2 Ke4
47. Nh4 h5 48. Kd2 Kd4 49. Ng2 Kxc4 50. Nxf4 h4 51. Ke3 h3 52. Nxh3 Kxd5 53.
Kd3 c5 54. Nf4+ Kc6 55. Kc4 b5+ 56. Kc3 d5 57. Nd3 d4+ 58. Kc2 c4 59. Nc1 b4
60. Kd2 Kc5 61. Kc2 Kb5 62. Kd2 b3 63. Ne2 Kc5 64. Nf4 c3+ 65. Kc1 Kc4 66. Kd1
d3 67. Kc1 d2+ 68. Kd1 b2 69. Nd3 b1=Q+ 0-1

[Event "Wellington Club Championship - Open Swiss"]
[Site "Wellington Chess Club"]
[Date "2024.11.14"]
[Round "8.3"]
[White "Kang, Eushin"]
[Black "Wilkins, Mark"]
[Result "1-0"]
[WhiteElo "1500"]
[BlackElo "1906"]
[WhiteFideId "0"]
[BlackFideId "4302389"]
[PlyCount "0"]
[EventDate "2024.09.26"]
[SourceDate ""]

1. d4 Nf6 2. c4 e6 3. Nc3 Bb4 4. Qb3 c5 5. dxc5 Bxc5 6. Nf3 Nc6 7. e3 b6 8. Be2
Bb7 9. O-O O-O 10. Na4 Na5 11. Qc2 Be4 12. Qc3 Be7 13. b3 Rc8 14. Qe1 d5 15.
Bd2 Nc6 16. cxd5 Nxd5 17. Nc3 Bg6 18. Nxd5 Qxd5 19. Bc4 Qd6 20. Bc3 Rfd8 21. a4
Nb4 22. Rd1 Qc6 23. Rxd8+ Rxd8 24. Bxb4 Bf6 25. Bc3 Be4 26. Bxf6 gxf6 27. Qe2
Kh8 28. Nd4 Qb7 29. f3 Bg6 30. Rd1 e5 31. Nb5 Rg8 32. Bd3 e4 33. Bxe4 Bxe4 34.
fxe4 1-0

[Event "Wellington Club Championship - Open Swiss"]
[Site "Wellington Chess Club"]
[Date "2024.11.14"]
[Round "8.4"]
[White "Hurndell, Robert"]
[Black "Ulm, Eric"]
[Result "1/2-1/2"]
[WhiteElo "1730"]
[BlackElo "1473"]
[WhiteFideId "4310233"]
[BlackFideId "4325575"]
[PlyCount "0"]
[EventDate "2024.09.26"]
[SourceDate ""]

1. e4 e6 2. d4 d5 3. Nc3 dxe4 4. Nxe4 Bd7 5. Nf3 Bc6 6. Bd3 Nd7 7. O-O Ngf6 8.
Ng3 Be7 9. Re1 Bxf3 10. Qxf3 c6 11. c3 Qb6 12. b3 O-O 13. Bb2 Rfe8 14. Ne4 h6
15. Nxf6+ Nxf6 16. Bc1 Qc7 17. Bf4 Bd6 18. Be5 Qe7 19. Qg3 Rad8 20. f4 Bxe5 21.
fxe5 Nh5 22. Qf3 g6 23. Re4 f5 24. exf6 Qxf6 25. Qe3 g5 26. Rf1 Qe7 27. Bc4 Ng7
28. b4 b5 29. Bb3 Rd6 30. Qh3 h5 31. Re5 g4 32. Qe3 Rf8 33. Rxf8+ Kxf8 34. Qh6
Qf7 35. Bc2 Ke7 36. Bg6 Qf6 37. Qh7 Rd5 38. Rxd5 exd5 39. Bxh5 Qg5 40. Qg6 Qc1+
41. Kf2 Qd2+ 42. Kg3 Qxc3+ 43. Kh4 Nxh5 44. Qxh5 1/2-1/2

[Event "Wellington Club Championship - Open Swiss"]
[Site "Wellington Chess Club"]
[Date "2024.11.14"]
[Round "8.5"]
[White "Joseph, Joji Chacko"]
[Black "Darr, Samuel"]
[Result "1/2-1/2"]
[WhiteElo "1584"]
[BlackElo "1679"]
[WhiteFideId "4308816"]
[BlackFideId "4306120"]
[PlyCount "0"]
[EventDate "2024.09.26"]
[SourceDate ""]

1. e4 e6 2. d4 d5 3. exd5 exd5 4. c4 Nf6 5. Nc3 Bb4 6. a3 Bxc3+ 7. bxc3 O-O 8.
Nf3 Re8+ 9. Be3 Ng4 10. Qd2 c6 11. cxd5 Qxd5 12. c4 Qe6 13. d5 cxd5 14. cxd5
Qe7 15. Bb5 Nxe3 16. fxe3 Qxe3+ 17. Qxe3 Rxe3+ 18. Kf2 Rb3 19. Rhe1 Bd7 20.
Bxd7 Nxd7 21. Ne5 Nxe5 22. Rxe5 f6 23. Re7 Rd8 24. Rc1 Rxa3 25. Rcc7 Rd3 26.
Rxg7+ Kf8 27. Rxh7 Kg8 28. Rxb7 a5 29. Rhg7+ Kh8 30. Rgf7 R3xd5 31. Rxf6 Ra8
32. Kg3 Rg8+ 33. Kf4 Rxg2 1/2-1/2

[Event "Wellington Club Championship - Open Swiss"]
[Site "Wellington Chess Club"]
[Date "2024.11.14"]
[Round "8.6"]
[White "Grant, Elliot"]
[Black "Dhamodharam, Aadhav"]
[Result "1-0"]
[WhiteElo "1667"]
[BlackElo "1477"]
[WhiteFideId "0"]
[BlackFideId "0"]
[PlyCount "0"]
[EventDate "2024.09.26"]
[SourceDate ""]

1. e4 c5 2. Nf3 d6 3. Bc4 Nc6 4. Nc3 Nf6 5. d3 g6 6. h3 Bg7 7. O-O O-O 8. Bf4
Kh8 9. Qd2 Ng8 10. Ng5 Qe8 11. Nb5 Ne5 12. Bxe5 Bxe5 13. Nc7 Qd7 14. Nxa8 f5
15. Nf7+ Rxf7 16. Bxf7 fxe4 17. dxe4 1-0

[Event "Wellington Club Championship - Open Swiss"]
[Site "Wellington Chess Club"]
[Date "2024.11.14"]
[Round "8.7"]
[White "Kvindt, Max"]
[Black "Ashe, Michael"]
[Result "1/2-1/2"]
[WhiteElo "1400"]
[BlackElo "1591"]
[WhiteFideId "0"]
[BlackFideId "4310462"]
[PlyCount "0"]
[EventDate "2024.09.26"]
[SourceDate ""]

1. e4 c6 2. d4 d5 3. exd5 cxd5 4. Bb5+ Bd7 5. Qd3 a6 6. Bxd7+ Qxd7 7. Nf3 Nc6
8. c3 e6 9. Bf4 Nge7 10. Ne5 Nxe5 11. Bxe5 Ng6 12. Bg3 Bd6 13. O-O O-O 14. Nd2
Bxg3 15. fxg3 b5 16. Nf3 Qc7 17. Rae1 Qc4 18. Qxc4 bxc4 19. b3 cxb3 20. axb3
Rfc8 21. Rc1 a5 22. Nd2 a4 23. bxa4 Rxa4 24. Rc2 Rxd4 25. Rfc1 Ra4 26. c4 dxc4
27. Nxc4 Ra6 28. Ne5 Rxc2 29. Rxc2 Ra8 30. Nd3 Rd8 31. Nf4 e5 32. Nh5 Nf8 33.
g4 Rd6 34. Kf2 g6 35. Ng3 Kg7 36. g5 h6 37. h4 hxg5 38. hxg5 Nh7 39. Ne4 Re6
40. Rc7 Rb6 41. Rc5 Re6 42. Rc7 Rb6 43. Rc5 Re6 44. Rc7 1/2-1/2

[Event "Wellington Club Championship - Open Swiss"]
[Site "Wellington Chess Club"]
[Date "2024.11.14"]
[Round "8.8"]
[White "Tan, Jin"]
[Black "Osborne, Geoff"]
[Result "1-0"]
[WhiteElo "1582"]
[BlackElo "1517"]
[WhiteFideId "4320972"]
[BlackFideId "4311485"]
[PlyCount "0"]
[EventDate "2024.09.26"]
[SourceDate ""]

1. e4 e5 2. Nf3 Nc6 3. Bc4 Nf6 4. d3 Be7 5. Nc3 Na5 6. Nxe5 Nxc4 7. Nxc4 d6 8.
O-O O-O 9. Ne3 c6 10. f4 d5 11. e5 d4 12. exf6 Bxf6 13. Na4 dxe3 14. Bxe3 b5
15. Nc3 Re8 16. Bd2 a6 17. Rb1 Bb7 18. Ne4 Bd4+ 19. Kh1 Bb6 20. Bc3 Bd4 21.
Bxd4 Qxd4 22. c3 Qd8 23. Qh5 h6 24. f5 f6 25. Rbe1 Rc8 26. Rf3 c5 27. Nxf6+ $1
Kf8 28. Rxe8+ 1-0

[Event "Wellington Club Championship - Open Swiss"]
[Site "Wellington Chess Club"]
[Date "2024.11.14"]
[Round "8.9"]
[White "Page, Archer"]
[Black "Bohme, Alex"]
[Result "0-1"]
[WhiteElo "1600"]
[BlackElo "1477"]
[WhiteFideId "0"]
[BlackFideId "2660270"]
[PlyCount "0"]
[EventDate "2024.09.26"]
[SourceDate ""]

{Archer: Round 8 was a tough loss, where I failed to capitalize from a bad
opening from my opponent, Including at one point hanging a piece, and then I
stifled my advantage in the middle game and blundered a tactical combination to
lose.} 1. d4 Nf6 2. c4 e6 3. Nf3 Nc6 $5 { A standard Queen's pawn opening gets
interrupted by the unusual Nc6 being played. } 4. Nc3 b6 $6 { Inaccuracy. Bb4
was best.   Now this is seriously a step too far- You can't fianchetto when
your Knights are targets like this! }  (4... Bb4 5. Qc2 O-O 6. Bd2 d5 7. e3 b6
8. a3 Bxc3 9. Bxc3) 5. e4 Bb4 6. Bd3 d5 $6 { Inaccuracy. Bxc3+ was best.   This
is the wrong time to fight in the center, as I will demolish the opposition
with my 3v2 pawn front. }  (6... Bxc3+ 7. bxc3 d6 8. O-O e5 9. c5 O-O 10. d5
Nb8 11. c6) 7. Bg5 $2 { Mistake. cxd5 was best.   I thought this was a good
move, and stylish. But I certainly had a better option. }  (7. cxd5 $1 exd5 8.
e5 Ne4 9. O-O Bxc3 10. bxc3 O-O 11. Qc2 $16) 7... dxe4 $6 { Inaccuracy. dxc4
was best.   This is capturing the wrong center pawn, better instead was }  (
7... dxc4 $1 8. Bxc4 Bb7 9. Qc2 h6 10. Bh4 Bxc3+ 11. bxc3 $14) 8. Bxe4 Bb7 9.
Bxf6 $6 { Inaccuracy. O-O was best.   Whilst this is objectively an inaccuracy,
I think practically this is a good move because it forces gxf6, a distinct
positional advantage for me. }  (9. O-O $1 Bxc3 10. bxc3 Na5 11. Bxb7 Nxb7 12.
Ne5 h6 $16) 9... Qxf6 $4 { Blunder. Bxc3+ was best.   But He takes back with
Qxf6?? which I thought was Incorrect, and I was right for the wrong reason! } 
(9... Bxc3+ 10. bxc3 gxf6 11. O-O Qd7 12. Re1 O-O-O $16) 10. Ne5 $4 { Blunder.
Qa4 was best.   I played this thinking I was tactically winning the Knight, but
I was wrong. Instead, I can win the Knight with 10. Qa4! }  (10. Qa4 $1 { And I
win the knight after } 10... e5 11. d5 Bxc3+ 12. bxc3 O-O 13. dxc6 Bc8 14. O-O
$18 { And I am clearly winning. } ) 10... Nxe5 11. Bxb7 Bxc3+ 12. bxc3 Rd8 $6 {
Inaccuracy. Rb8 was best.   Now I realize I cannot win the Knight. Still, this
is a slight inaccuracy as I am allowed Qa4+. }  (12... Rb8 $1 { Is best as } 
13. dxe5 { Doesn't work because } 13... Qxe5+ { . } ) 13. Qa4+ $1 Nd7 14. Bc6
$1 { I had a long think about whether the pawn was worth it, and ultimately
decided against taking the pawn. } 14... e5 $6 { This is an inaccuracy, as now
his center is weakened. }  (14... a5 $1 { Was best, after which I had to find }
15. Qb5 $1 { to keep a sizeable advantage. If } 15... Qe7 16. Qe5 $1 { and I
fork 2 pawns. } ) 15. O-O Qe6 $6 { Inaccuracy. Qe7 was best.   The Queen is
more vulnerable to attacks from pawns, and from my Bishop on this square so
this is inaccurate over Qe7, despite also attacking the Bishop. }  (15... Qe7
16. Rfe1 O-O 17. Qxa7 Qd6 18. Bxd7 Qxd7 $16) 16. dxe5 $4 { Blunder. f4 was
best.   My advantage... Nooo! I couldn't help taking the free pawn, but
realized after O-O than my pawn advantage cannot be held on to! There are many
ways to maintain an advantage, but this is not one of them. }  (16. f4 $1 e4
17. f5 Qe7 18. f6 gxf6 19. Rae1 e3 20. Qxa7 $16)  (16. Bd5 Qe7 17. Qxa7 O-O 18.
Qxc7 $16 { I will be up 2 pawns } )  (16. Rfe1 O-O 17. f4 e4 18. Rxe4 $16 { I
will be up a pawn. } ) 16... O-O 17. Bd5 { After a long think I decide to give
up the pawn. } 17... Qxe5 18. Qxa7 Nc5 19. Rfe1 $6 { This is a classic case of
the wrong rook! }  (19. Rae1 Qxc3 $6 20. Qxc7 { And now either } 20... Nd3 $6 (
20... Qf6 $1 21. Qe7 Rd6 22. g3 g6 23. Qa7 Ne6 24. Re3 Kg7 $16) 21. Re7 Qf6 22.
Rxf7 Rxf7 23. Bxf7+ Kh8 $18) 19... Qxc3 20. Qxc7 $5 { This is risky, I first
should have played something like }  (20. Rac1 $1 Rfe8 21. Red1 Qe5 22. g3) 
20... Nd3 $1 21. Bxf7+ $6 { Inaccuracy. Qg3 was best.   Unfortunately, this
move no longer allows me to save my rook! }  (21. Qg3 $1 b5 $1 22. Rad1 bxc4
23. Be4 $1 h6 24. Re3) 21... Kh8 22. Rf1 { I re-guard my f2 pawn with Rf1. } 
22... Qf6 $2 { Mistake. Qd4 was best.   And he fails to seize an advantage with
Qf6, allowing me to retreat my bishop to d5. }  (22... Qd4 $1 23. Rab1 Rd7 $1
24. Qxb6 Qxb6 25. Rxb6 Rdxf7 $17) 23. Bd5 Nxf2 24. Qg3 $4 { Blunder. h3 was
best.   I had only one move to maintain equality, and I didn't find it. I
thought after Qg3 I was still winning but I was in for a rude awakening after
Qd4! }  (24. h3 $1 Qd4 $5 25. Kh2 $1 b5 $14) 24... Qd4 $1 25. Rae1 $1 Nd3+ $1
26. Qe3 Rxf1+ $1 27. Kxf1 Qf6+ $1 { And I am definitively down a piece, a
beautiful tactical combination by him. } 28. Kg1 $6 { Inaccuracy. Qf3 was best.
I decided trading queens harmed me. I was incorrect. Trading queens benefits me
because my king is more prone to attack. }  (28. Qf3 Qxf3+ 29. gxf3 Nxe1 30.
Kxe1 $17) 28... Nxe1 29. Qxe1 b5 $1 30. Kh1 $6 { Inaccuracy. Qf2 was best.  
The final mistake. }  (30. Qf2 Qa1+ 31. Qf1 Qxa2 32. h4 b4 33. Kh2 b3) 30...
bxc4 31. Bxc4 Qc3 $1 32. Qf1 Qxc4 $1 0-1